| 000 | 00599nam a2200109Ia 4500 | ||
|---|---|---|---|
| 008 | 171212s9999 xx 000 0 und d | ||
| 100 | _aDamberg, Cheryl L.;Sorbero, Melony E.;Lovejoy, Susan L.;Martsolf, Grant;Raaen, Laura | ||
| 245 |
_cDamberg, Cheryl L.;Sorbero, Melony E.;Lovejoy, Susan L.;Martsolf, Grant;Raaen, Laura _aMeasuring Success in Health Care Value-Based Purchasing Programs _bFindings from an Environmental Scan, Literature Review, and Expert Panel Discussions |
||
| 260 |
_bRAND Corporation _c2014 |
||
| 650 | _aHealth Sciences | ||
| 856 | _uhttp://www.jstor.org/stable/10.7249/j.ctt5vjvrk | ||
| 999 |
_c352309 _d352309 |
||